| 000 | 00684nam a22002177a 4500 | ||
|---|---|---|---|
| 003 | BUBTL | ||
| 008 | 240812b ||||| |||| 00| 0 eng d | ||
| 020 | _a9789849500247 | ||
| 041 | _aeng | ||
| 082 | _a344.015492/ H139t/ 2024 | ||
| 100 |
_93017 _aHalim, Md. Abdul |
||
| 245 |
_aTextbook on Bangladesh labour code / _cMd. Abdul Halim |
||
| 250 | _a15th ed | ||
| 260 |
_aDhaka, _bBeacon Publications, _cc2024 |
||
| 300 |
_a336 p.: _c21 cm. |
||
| 505 | _aChanges introduced by the Bangladesh labour (Amendment) act,2013, Principles of labour and industrial law | ||
| 650 | 0 |
_926 _aLaw |
|
| 856 |
_k0 _l0 _yDownload |
||
| 942 |
_2ddc _cBK |
||
| 999 |
_c7344 _d7344 |
||